000 01308nam0a2200361 4500
001 RU\NLR\bibl\530372
005 20250609151159.0
010 _a5-98457-007-6
_91000
021 _aRU
_b2004-30866
_91555
035 _a(NLR Aleph) 000522698
090 _a1303278
_c1303278
100 _a20040617d2004 |||y0rusy50 ca
101 0 _arus
_deng
102 _aRU
105 _aac |||||||||
200 1 _aФорстерит 2MgO.SiO2
_dForsterite 2MgO.SiO2
_fЛ. Б. Хорошавин
_zeng
210 _aМ.
_cТеплотехник
_d2004
215 _a366, [1] с.
_cил., цв. ил., портр.
_d30
300 _aАвт. также на англ. яз.: L.B. Khoroshavin
300 _aНа с. [1] авт.: Хорошавин Л.Б., д.т.н.
300 _aРез. на англ. яз.
320 _aБиблиогр.: с. 342-355 (248 назв.)
320 _aДр. тр. авт. на с. [1]
510 0 _aForsterite 2MgO.SiO2
_zeng
606 0 _aФорстерит
_91300714
_3RU\NLR\auth\66538660
686 _aД339 Форстерит
700 1 _4070
_aХорошавин
_bЛ. Б.
_f1933-
_gЛев Борисович
_9129436
_3RU\NLR\AUTH\770129467
801 0 _aRU
_bNLR
_c20040617
_gPSBO
801 1 _aRU
_bNLR
_c20040617
942 _cBOOK
980 _aNB